000 00479nam a2200181Ia 4500
005 20250508152214.0
008 008 250505s9999 xx 000 0 eng d
037 _aTextual
040 _aFEDL
_beng
_cFEDL
041 _aeng
_2eng
084 _a820, MUR
_qFEDL
100 _aMurry J Middleton
245 0 _aProblem of style
260 _aLondon, UK
_bOxford University Press
_c1956
300 _a148p.
942 _cTEXL
_h820, MUR
999 _c1334957
_d1334957